00572nam a22001937a 450000500170000001000150001702000260003203500130005803700130007108200080008410000220009224500870011425000110020126000390021227000440025130000330029550000190032870000310034720150528130031.0 aENG-112814 c225.00a9789380599571 aEN-96346 bDBAD/PUB a512 aGanguly, Sobhakar aA treatise on basic algebra /cby Sobhakar Ganguly [and] Manabendra Nath Mukherjee a3rd ed aKolkatabAcademic Publishersc2012 a5A Bhawani Dutta Lane,bKolkatae700073 aviii,562p.:c24cm(pbk)bill. aIncludes index aMukherjee, Manabendra Nath